| 000 | 01222nam a2200325Ia 4500 | ||
|---|---|---|---|
| 001 | ebr10533545 | ||
| 003 | CaPaEBR | ||
| 006 | m u | ||
| 007 | cr cn||||||||| | ||
| 008 | 111005s2012 cau sb 001 0 eng d | ||
| 010 | _z 2011041887 | ||
| 020 | _z0520247345 | ||
| 020 | _z9780520247345 | ||
| 020 | _z9780520952065 | ||
| 040 |
_aCaPaEBR _cCaPaEBR |
||
| 035 | _a(OCoLC)775871185 | ||
| 050 | 1 | 4 |
_aML194 _b.M35 2012eb |
| 082 | 0 | 4 |
_a780.9/032 _223 |
| 100 | 1 | _aMcClary, Susan. | |
| 245 | 1 | 0 |
_aDesire and pleasure in seventeenth-century music _h[electronic resource] / _cSusan McClary. |
| 260 |
_aBerkeley : _bUniversity of California Press, _cc2012. |
||
| 300 | _axi, 340 p. | ||
| 504 | _aIncludes bibliographical references and index. | ||
| 533 |
_aElectronic reproduction. _bPalo Alto, Calif. : _cebrary, _d2011. _nAvailable via World Wide Web. _nAccess may be limited to ebrary affiliated libraries. |
||
| 650 | 0 |
_aMusic _y17th century _xHistory and criticism. |
|
| 650 | 0 | _aMusical criticism. | |
| 655 | 7 |
_aElectronic books. _2local |
|
| 710 | 2 | _aebrary, Inc. | |
| 856 | 4 | 0 |
_uhttp://site.ebrary.com/lib/rucke/Doc?id=10533545 _zAn electronic book accessible through the World Wide Web; click to view |
| 999 |
_c148269 _d148269 |
||